| 000 | 00932nac a22002411u 4500 | ||
|---|---|---|---|
| 010 | _a 2003007538 | ||
| 020 | _a0631231226 (alk. paper) | ||
| 020 | _a0631231234 (pbk. : alk. paper) | ||
| 082 | 0 | 0 |
_a306 _bCHR |
| 090 |
_c9081 _d9081 |
||
| 100 | _aChryssochoou, Xenia. | ||
| 245 | 1 | 0 |
_aCultural diversity : its social psychology / _cXenia Chryssochoou. |
| 260 |
_aOxford, UK ; _aMalden, MA : _aBlackwell,C.2004. _cC.2004. |
||
| 300 |
_axxix, 217 p. : _bill. ; _c25 cm. |
||
| 500 | _aDistributer: AL-Ahram. | ||
| 504 | _aIncludes bibliographical references and index. | ||
| 511 | _aCatalogued By: Mahitab. | ||
| 650 | 0 | _aPluralism (Social sciences) | |
| 650 | 0 | _aMulticulturalism. | |
| 856 | 4 | 1 |
_3Table of contents _uhttp://www.loc.gov/catdir/toc/ecip042/2003007538.html |
| 942 |
_cBB _k306CHR |
||
| 999 |
_c9081 _d9081 |
||